01201nam a2200277 a 4500001001000000003000900010005001700019008004100036040002500077082002900102100003300131245010500164250001200269260004300281300002500324504003100349586005000380590007500430651004800505651004300553700004000596910003700636942001400673952021900687999001700906000035179DO-SdBNP20251030090425.0111025s1975 ve 000 0 spa d aDO-SdBNPbspacBNPHU 4a330.987bM239f, 19752221 aMalave Mata, Héctor92128110aFormación histórica del antidesarrollo de Venezuela /cHéctor Malave Mata ; D. F. Maza Zavala. a3a. ed. aCaracas :bEdiciones Rocinante,c1975. axx, 263 p. ;c20 cm. aBibliografía : p.257-263 aPremio de Ensayos Casa de las Américas 1974 aPerteneció a la biblioteca personal de Juan Isidro Jimenes Grullón 0aVenezuela xCondiciones económicas926230 4aVenezuelaxCondiciones sociales9262331 aMaza Zavala, D. F.,epról.951957 aValidado. Control de calidad MFF 2ddccLBS1 00102ddc56708GRaBNPHUbBNPHUcHDd2011-10-25iLF1l0oBNPHU GR 330.987 M239f, 1975p35179-10r2020-06-25w2020-06-25yLBS1zPerteneció a la biblioteca personal de Juan Isidro Jimenes -GrullónZNo se presta c34670d34670